Dictionaire des Industries Alimentaires

Wedi'i Gadw mewn:
Manylion Llyfryddiaeth
Prif Awdur: Clément J M
Fformat: Llyfr
Iaith:Undetermined
Cyhoeddwyd: Paris Masson 1978
Pynciau:
Tagiau: Ychwanegu Tag
Dim Tagiau, Byddwch y cyntaf i dagio'r cofnod hwn!
Thư viện lưu trữ: Trung tâm Học liệu Trường Đại học Cần Thơ
LEADER 00487nam a2200181Ia 4500
001 CTU_28100
008 210402s9999 xx 000 0 und d
082 |a 603 
082 |b C626 
100 |a Clément J M 
245 0 |a Dictionaire des Industries Alimentaires 
245 0 |c Clément J M 
260 |a Paris 
260 |b Masson 
260 |c 1978 
650 |a food and industries - dictionary 
904 |i Sáng, 981007 
980 |a Trung tâm Học liệu Trường Đại học Cần Thơ